Größten Länder der Geschichte - Statistiken

Allgemein
  • Dieses Quiz wurde 183 mal gespielt
  • Das Durchschnittsergebnis liegt bei 6 aus 12
Antwortstatistiken
Antwort % Korrekt
17,1% Russland
89%
35,5% Vereinigtes Königreich
87%
9,7% Volksrepublik China
84%
9,67% USA
80%
11,5% Frankreich
73%
13,7% Spanien
71%
9,98% Kanada
62%
22,3% Sowjet Union
50%
24% Mongolisches Reich
32%
22,8% Russisches Reich
6%
14,7% Mandschu-Dynastie
1%
11,1% Ummayaden-Kalifat
1%
Keine übereinstimmenden Quizze gefunden
Verteilung der Resultate
Anzahl Personen mit jedem Resultat
Perzentil nach korrekt beantworteten Fragen
Ihre Resultats-Entwicklung
Sie haben dieses Quiz noch nicht gespielt